Les 10 plus grandes villes de Moldavie - Statistiques

Statistiques générales
  • Ce quiz a été pris 74 fois
  • Le résultat moyen est 5 sur 10
Statistiques - réponses
Population Ville % Correct
635 994 Chișinău
100%
157 000 Tiraspol
76%
125 000 Bălți
69%
24 918 Orhei
59%
27 423 Soroca
46%
34 492 Cahul
42%
110 175 Bender
25%
34 422 Ungheni
25%
23 254 Dubăsari
15%
55 455 Rîbnița
14%
Aucun quiz correspondant
Distribution des résultats
% des personnes avec chaque résultat
Percentile par nombre de réponses
Votre historique - résultats
Vous n’avez pas pris ce quiz